| 000 | 00495nam a2200145 4500 | ||
|---|---|---|---|
| 082 | _aBESE-4 ABD | ||
| 100 | _aAbdul Hannan, Muhammad Usama Iqbal | ||
| 245 | _aW3 academy (an online portal for entry test preparation) | ||
| 260 |
_aIslamabad _bNUST _c2017 |
||
| 300 | _a57p. | ||
| 856 | _uhttp://10.250.8.41:8080/xmlui/handle/123456789/29014 | ||
| 942 |
_2ddc _cPR |
||
| 999 |
_c330900 _d330900 |
||